| 000 | 01250cam a2200205 4500 | ||
|---|---|---|---|
| 001 | ##L133494 | ||
| 008 | 110801s2006 000 0 eng u | ||
| 035 | _a(Sirsi) u133494 | ||
| 041 | 0 | _aeng | |
| 050 | 0 | 4 | _a333.33 $2 18 |
| 110 | 1 |
_aUnited Kingdom _bDepartment for Communities and Local Government _94939 |
|
| 245 | 0 | 0 |
_aDCLG statistical release _bhouse price index February 2006 |
| 260 |
_aLondon _bDCLG _c2006 |
||
| 490 | 0 |
_aDCLG Statistical Release: House Price Index _v(2006/0083) 10 April 2006 |
|
| 520 | _aThe mixed-adjusted average house price in the UK in February 2006 stood at £183 224, down from £185 404 in January 2006 (not seasonally adjusted). UK annual house price inflation in February 2006 was 3.6%, down from 4.3% in January 2006. Annual house price inflation in London was 1.9% in February 2006, down from 5.3% in January 2006. The UK annual price inflation rate for the three months to February 2006 was 3.6% , the same rate as in London. | ||
| 650 | 2 | 4 | _aDCLG HOUSE PRICE INDEX |
| 690 | _aPROPERTY-RESIDENTIAL PROPERTY-RESIDENTIAL PROPERTY MARKET | ||
| 856 | 4 | 0 |
_uhttps://www.communities.gov.uk/documents/statistics/pdf/1079400.pdf _zView the DCLG house price index free of charge at www.communities.gov.uk |
| 942 | _n0 | ||
| 999 |
_c105407 _d105407 |
||